| Tag |
First Indicator |
Second Indicator |
Subfields |
| LEADER |
00000cam a2200000 a 4500 |
| 001 |
in00004813421 |
| 008 |
910327s1990 dcua bt f000 0 eng d |
| 005 |
20250207153058.9 |
| 019 |
|
|
|a 1145206724
|a 1153233302
|a 1166518396
|a 1224867570
|a 1231495673
|a 1298271869
|
| 027 |
|
|
|a SSC-356
|
| 035 |
|
|
|a (OCoLC)ocm23323158
|
| 035 |
|
|
|a (OCoLC)23323158
|z (OCoLC)1145206724
|z (OCoLC)1153233302
|z (OCoLC)1166518396
|z (OCoLC)1224867570
|z (OCoLC)1231495673
|z (OCoLC)1298271869
|
| 035 |
|
|
|a (OCoLC)ocm23323158
|
| 040 |
|
|
|a TAG
|b eng
|c TAG
|d OCL
|d OCLCQ
|d OCLCF
|d OCLCQ
|d OCLCO
|d ESU
|d LHL
|d OCLCO
|d OCLCQ
|d OCLCL
|d OCLCO
|
| 050 |
|
4 |
|a VM7
|b .S54 no. 356
|
| 082 |
1 |
4 |
|a 627.98
|
| 086 |
0 |
|
|a Y 3.Sh 6:SSC-356
|
| 245 |
0 |
0 |
|a Fatigue performance under multiaxial loading.
|
| 260 |
|
|
|a [Washington, D.C.] :
|b Ship Structure Committee ;
|a [Springfield, VA] :
|b [National Technical Information Service, distributor],
|c 1990.
|
| 300 |
|
|
|a 1 volume (various pagings) :
|b illustrations ;
|c 28 cm
|
| 336 |
|
|
|a text
|b txt
|2 rdacontent
|
| 337 |
|
|
|a unmediated
|b n
|2 rdamedia
|
| 338 |
|
|
|a volume
|b nc
|2 rdacarrier
|
| 490 |
1 |
|
|a SSC- ;
|v 356
|
| 513 |
|
|
|a Technical report ;
|b May 1988-May 1989.
|
| 500 |
|
|
|a Cover title.
|
| 500 |
|
|
|a "Columbia Research Corporation"--Tech. rpt. doc. page
|
| 500 |
|
|
|a "January 1990"--Tech. rpt. doc. page
|
| 504 |
|
|
|a Includes bibliographical references.
|
| 536 |
|
|
|a U.S. Coast Guard, Office of Merchant Technical and Hazardous Materials.
|b DTCG23-88-C-20021.
|
| 650 |
|
0 |
|a Offshore structures
|x Welding.
|
| 650 |
|
0 |
|a Ships
|x Welding.
|
| 650 |
|
0 |
|a Welded joints
|x Fatigue.
|
| 650 |
|
0 |
|a Axial loads.
|
| 650 |
|
6 |
|a Soudures
|x Fatigue.
|
| 650 |
|
6 |
|a Charges axiales.
|
| 650 |
|
7 |
|a axial loads.
|2 aat
|
| 650 |
|
7 |
|a Axial loads
|2 fast
|
| 650 |
|
7 |
|a Offshore structures
|x Welding
|2 fast
|
| 650 |
|
7 |
|a Ships
|x Welding
|2 fast
|
| 650 |
|
7 |
|a Welded joints
|x Fatigue
|2 fast
|
| 710 |
1 |
|
|a United States.
|b Ship Structure Committee.
|
| 710 |
2 |
|
|a Columbia Research Corporation.
|1 https://id.oclc.org/worldcat/entity/E39QH7JmpyDPtHDPYJChQMdQY6
|
| 710 |
1 |
|
|a United States.
|b Coast Guard.
|b Office of Merchant Technical and Hazardous Materials.
|
| 830 |
|
0 |
|a Ship Structure Committee publications ;
|v SSC-356.
|
| 948 |
|
|
|h NO HOLDINGS IN TXA - 11 OTHER HOLDINGS
|
| 994 |
|
|
|a Z0
|b TXA
|
| 999 |
f |
f |
|i 715a2962-69da-4877-b21c-cb0cd89cb853
|s bfeaf497-840c-4355-b21a-0cda519b7920
|t 0
|
| 952 |
f |
f |
|p normal
|a Texas A&M University
|b Galveston Campus
|c Jack K. Williams Library
|d Galveston Stacks
|t 0
|e VM7 .S54 no. 356
|h Library of Congress classification
|i unmediated -- volume
|m 33620000224887
|
| 998 |
f |
f |
|a VM7 .S54 no. 356
|t 0
|l Galveston Stacks
|